[Event "FIDE Womens Grand Swiss 2021"]
[Site "Riga"]
[Date "2021.11.06"]
[Round "10.1"]
[White "Lei, Tingjie"]
[Black "Muzychuk, Mariya"]
[Result "1/2-1/2"]
[WhiteElo "2505"]
[BlackElo "2536"]
[Annotator "ChessBase"]
[PlyCount "84"]
[EventDate "2021.10.27"]
[EventType "swiss"]
[EventCountry "LAT"]
[Tiebreak "Cut1 Buchholz+Sonneborn-Berger (Swiss)"]
[SourceTitle "playchess.com"]
[Source "ChessBase"]
[SourceQuality "1"]
[TimeControl "40/6000+30:20/3000+30:900+30"]

1. d4 {[%emt 0:10:09]} d5 {[%emt 0:10:12]} 2. c4 {[%emt 0:00:18]} c6 {[%emt 0:
00:08]} 3. cxd5 {[%emt 0:00:17]} cxd5 {[%emt 0:00:04]} 4. Nf3 {[%emt 0:00:04]}
Nf6 {[%emt 0:00:43]} 5. Nc3 {[%emt 0:00:08]} Nc6 {[%emt 0:01:47]} 6. Bf4 {
[%emt 0:00:07]} Bf5 {[%emt 0:02:50]} 7. e3 {[%emt 0:00:05]} e6 {[%emt 0:00:23]}
8. Qb3 {[%emt 0:00:04]} Bb4 {[%emt 0:06:04]} 9. Bb5 {[%emt 0:00:07]} O-O {
[%emt 0:08:25]} 10. Bxc6 {[%emt 0:00:06]} Bxc3+ {[%emt 0:00:05]} 11. Qxc3 {
[%emt 0:00:04]} Rc8 {[%emt 0:03:08]} 12. Ne5 {[%emt 0:00:06]} Ng4 {[%emt 0:14:
49]} 13. Nxg4 {[%emt 0:00:08]} Bxg4 {[%emt 0:02:09]} 14. Qb4 {[%emt 0:00:10]}
bxc6 {[%emt 0:13:33]} 15. O-O {[%emt 0:01:08]} Qb6 {[%emt 0:07:49]} 16. Bd6 {
[%emt 0:02:15]} Qxb4 {[%emt 0:04:46]} 17. Bxb4 {[%emt 0:00:04]} Rfd8 {[%emt 0:
00:11]} 18. f3 {[%emt 0:10:42]} Bf5 {[%emt 0:00:17]} 19. Rfc1 {[%emt 0:00:04]}
Rb8 {[%emt 0:02:19]} 20. a3 {[%emt 0:04:29]} Rdc8 {[%emt 0:00:43]} 21. Rc3 {
[%emt 0:00:40]} f6 {[%emt 0:09:15]} 22. Rac1 {[%emt 0:02:23]} Rb6 {[%emt 0:00:
19]} 23. b3 {[%emt 0:13:00]} e5 {[%emt 0:03:41]} 24. Bc5 {[%emt 0:09:52]} Rb7 {
[%emt 0:00:12]} 25. Bd6 {[%emt 0:01:23]} exd4 {[%emt 0:10:23]} 26. exd4 {
[%emt 0:00:04]} Bd7 {[%emt 0:00:52]} 27. Re1 {[%emt 0:01:01]} Re8 {[%emt 0:00:
14]} 28. Rce3 {[%emt 0:00:40]} Rxe3 {[%emt 0:00:44]} 29. Rxe3 {[%emt 0:00:03]}
Bf5 {[%emt 0:00:15]} 30. b4 {[%emt 0:01:40]} Kf7 {[%emt 0:01:16]} 31. Kf2 {
[%emt 0:02:06]} g5 {[%emt 0:02:05]} 32. g4 {[%emt 0:00:24]} Bc2 {[%emt 0:00:13]
} 33. Kg3 {[%emt 0:02:21]} a6 {[%emt 0:02:14]} 34. h4 {[%emt 0:00:34]} h6 {
[%emt 0:00:18]} 35. Rc3 {[%emt 0:16:38]} Ba4 {[%emt 0:00:08]} 36. f4 {[%emt 0:
00:09]} Rd7 {[%emt 0:01:36]} 37. Bc5 {[%emt 0:00:08]} gxf4+ {[%emt 0:01:15]}
38. Kxf4 {[%emt 0:00:10]} Rd8 {[%emt 0:00:04]} 39. Re3 {[%emt 0:01:00]} Re8 {
[%emt 0:00:12]} 40. Rxe8 {[%emt 0:00:21]} Kxe8 {[%emt 0:00:02]} 41. g5 {
[%emt 0:50:14]} fxg5+ {[%emt 0:50:15]} 42. hxg5 {[%emt 0:00:03]} hxg5+ {
[%emt 0:00:04]} 1/2-1/2

[Event "FIDE Womens Grand Swiss 2021"]
[Site "Riga"]
[Date "2021.11.06"]
[Round "10.2"]
[White "Harika, Dronavalli"]
[Black "Paehtz, Elisabeth"]
[Result "1/2-1/2"]
[WhiteElo "2511"]
[BlackElo "2475"]
[Annotator "ChessBase"]
[PlyCount "62"]
[EventDate "2021.10.27"]
[EventType "swiss"]
[EventCountry "LAT"]
[Tiebreak "Cut1 Buchholz+Sonneborn-Berger (Swiss)"]
[SourceTitle "playchess.com"]
[Source "ChessBase"]
[SourceQuality "1"]
[TimeControl "40/6000+30:20/3000+30:900+30"]

1. e4 {[%emt 0:10:38]} c5 {[%emt 0:10:04]} 2. c3 {[%emt 0:00:05]} Nf6 {[%emt 0:
05:09]} 3. e5 {[%emt 0:00:32]} Nd5 {[%emt 0:00:04]} 4. Nf3 {[%emt 0:00:25]} e6
{[%emt 0:00:53]} 5. g3 {[%emt 0:07:46]} Nc6 {[%emt 0:00:45]} 6. Bg2 {[%emt 0:
00:31]} d6 {[%emt 0:00:19]} 7. exd6 {[%emt 0:00:12]} Qxd6 {[%emt 0:00:17]} 8.
O-O {[%emt 0:03:01]} Be7 {[%emt 0:02:59]} 9. d4 {[%emt 0:04:12]} O-O {[%emt 0:
03:30]} 10. Na3 {[%emt 0:09:03]} cxd4 {[%emt 0:03:53]} 11. Nb5 {[%emt 0:00:41]}
Qc5 {[%emt 0:00:27]} 12. Nbxd4 {[%emt 0:00:37]} Nxd4 {[%emt 0:01:21]} 13. Qxd4
{[%emt 0:00:39]} Qxd4 {[%emt 0:02:46]} 14. Nxd4 {[%emt 0:00:05]} Rd8 {[%emt 0:
01:21]} 15. Re1 {[%emt 0:07:02]} Bf6 {[%emt 0:09:16]} 16. Nb5 {[%emt 0:07:05]}
a6 {[%emt 0:06:40]} 17. Bxd5 {[%emt 0:00:34]} axb5 {[%emt 0:00:03]} 18. Bg2 {
[%emt 0:06:59]} b4 {[%emt 0:16:13]} 19. cxb4 {[%emt 0:00:17]} Rd4 {[%emt 0:00:
03]} 20. b5 {[%emt 0:00:18]} Rb4 {[%emt 0:00:06]} 21. Bf1 {[%emt 0:00:14]} Bd7
{[%emt 0:00:25]} 22. a3 {[%emt 0:00:11]} Bxb2 {[%emt 0:02:48]} 23. Bxb2 {
[%emt 0:02:34]} Rxb2 {[%emt 0:00:04]} 24. a4 {[%emt 0:00:04]} Rb4 {[%emt 0:07:
04]} 25. Red1 {[%emt 0:01:43]} Be8 {[%emt 0:00:26]} 26. Bg2 {[%emt 0:01:08]}
Rb8 {[%emt 0:06:51]} 27. Rd6 {[%emt 0:04:01]} b6 {[%emt 0:08:01]} 28. Bc6 {
[%emt 0:03:12]} Kf8 {[%emt 0:00:54]} 29. Bxe8 {[%emt 0:02:30]} Kxe8 {[%emt 0:
00:06]} 30. Rc1 {[%emt 0:03:14]} Ke7 {[%emt 0:01:05]} 31. Rcc6 {[%emt 0:05:20]}
Rxa4 {[%emt 0:00:13]} 1/2-1/2

[Event "FIDE Womens Grand Swiss 2021"]
[Site "Riga"]
[Date "2021.11.06"]
[Round "10.3"]
[White "Javakhishvili, Lela"]
[Black "Zhu, Jiner"]
[Result "0-1"]
[WhiteElo "2446"]
[BlackElo "2455"]
[Annotator "ChessBase"]
[PlyCount "104"]
[EventDate "2021.10.27"]
[EventType "swiss"]
[EventCountry "LAT"]
[Tiebreak "Cut1 Buchholz+Sonneborn-Berger (Swiss)"]
[SourceTitle "playchess.com"]
[Source "ChessBase"]
[SourceQuality "1"]
[TimeControl "40/6000+30:20/3000+30:900+30"]

1. d4 {[%emt 0:10:04]} Nf6 {[%emt 0:10:06]} 2. c4 {[%emt 0:00:07]} g6 {[%emt 0:
00:07]} 3. g3 {[%emt 0:00:21]} Bg7 {[%emt 0:00:08]} 4. Bg2 {[%emt 0:00:06]} O-O
{[%emt 0:00:26]} 5. Nc3 {[%emt 0:00:08]} c6 {[%emt 0:00:26]} 6. e4 {[%emt 0:01:
46]} d6 {[%emt 0:09:45]} 7. Nf3 {[%emt 0:00:45]} e5 {[%emt 0:00:52]} 8. O-O {
[%emt 0:00:43]} Nbd7 {[%emt 0:02:06]} 9. h3 {[%emt 0:00:58]} a5 {[%emt 0:07:16]
} 10. Be3 {[%emt 0:03:56]} Re8 {[%emt 0:00:28]} 11. Qc2 {[%emt 0:07:03]} exd4 {
[%emt 0:01:52]} 12. Nxd4 {[%emt 0:04:54]} Nc5 {[%emt 0:01:06]} 13. Rfe1 {
[%emt 0:02:27]} a4 {[%emt 0:02:01]} 14. Rad1 {[%emt 0:00:36]} Nfd7 {[%emt 0:05:
46]} 15. Nde2 {[%emt 0:03:59]} Qa5 {[%emt 0:06:45]} 16. Rxd6 {[%emt 0:05:16]}
Qb4 {[%emt 0:00:50]} 17. a3 {[%emt 0:17:41]} Qxc4 {[%emt 0:00:37]} 18. Nc1 {
[%emt 0:01:23]} Bxc3 {[%emt 0:20:36]} 19. Bf1 {[%emt 0:05:24]} Qxe4 {[%emt 0:
00:15]} 20. Qxc3 {[%emt 0:00:56]} Ne5 {[%emt 0:00:20]} 21. Bd2 {[%emt 0:08:19]}
Bxh3 {[%emt 0:29:35]} 22. Rxe4 {[%emt 0:03:20]} Nxe4 {[%emt 0:00:06]} 23. Bxh3
{[%emt 0:02:53]} Nxc3 {[%emt 0:00:05]} 24. Bxc3 {[%emt 0:00:04]} Rad8 {[%emt 0:
00:07]} 25. Rxd8 {[%emt 0:01:54]} Rxd8 {[%emt 0:00:05]} 26. Bxe5 {[%emt 0:00:
42]} Rd1+ {[%emt 0:00:06]} 27. Kg2 {[%emt 0:00:03]} Rxc1 {[%emt 0:00:06]} 28.
Bc8 {[%emt 0:01:43]} b5 {[%emt 0:03:27]} 29. Bd7 {[%emt 0:02:34]} Rc4 {[%emt 0:
03:53]} 30. f4 {[%emt 0:04:28]} Kf8 {[%emt 0:01:25]} 31. Bf6 {[%emt 0:00:46]}
Rc2+ {[%emt 0:00:45]} 32. Kf3 {[%emt 0:04:27]} Rd2 {[%emt 0:00:05]} 33. Bh3 {
[%emt 0:01:30]} c5 {[%emt 0:02:25]} 34. Ke3 {[%emt 0:01:31]} Rd1 {[%emt 0:00:
28]} 35. Ke2 {[%emt 0:02:34]} Rg1 {[%emt 0:00:50]} 36. Bd7 {[%emt 0:04:18]} b4
{[%emt 0:01:09]} 37. axb4 {[%emt 0:00:46]} cxb4 {[%emt 0:00:14]} 38. Bxa4 {
[%emt 0:01:28]} Rxg3 {[%emt 0:00:08]} 39. b3 {[%emt 0:01:51]} h5 {[%emt 0:01:
21]} 40. Kf2 {[%emt 0:03:59]} Rd3 {[%emt 0:00:28]} 41. Kg2 {[%emt 0:25:50]} Rd6
{[%emt 0:23:16]} 42. Be5 {[%emt 0:03:02]} Rd2+ {[%emt 0:00:09]} 43. Kf3 {
[%emt 0:02:33]} Ke7 {[%emt 0:00:13]} 44. Ke3 {[%emt 0:00:40]} Rh2 {[%emt 0:01:
43]} 45. Kf3 {[%emt 0:00:53]} Rh3+ {[%emt 0:00:18]} 46. Kg2 {[%emt 0:02:03]}
Rd3 {[%emt 0:00:10]} 47. Bc7 {[%emt 0:00:31]} Kf6 {[%emt 0:04:36]} 48. Ba5 {
[%emt 0:00:30]} Rd4 {[%emt 0:04:10]} 49. Bc7 {[%emt 0:02:37]} Rd2+ {[%emt 0:01:
00]} 50. Kf3 {[%emt 0:01:07]} Rd3+ {[%emt 0:00:20]} 51. Ke2 {[%emt 0:00:56]}
Rd5 {[%emt 0:01:36]} 52. Ba5 {[%emt 0:04:07]} Rxa5 {[%emt 0:00:11]} 0-1

[Event "FIDE Womens Grand Swiss 2021"]
[Site "Riga"]
[Date "2021.11.06"]
[Round "10.4"]
[White "Cori T., Deysi"]
[Black "Dzagnidze, Nana"]
[Result "1-0"]
[WhiteElo "2382"]
[BlackElo "2524"]
[Annotator "ChessBase"]
[PlyCount "75"]
[EventDate "2021.10.27"]
[EventType "swiss"]
[EventCountry "LAT"]
[Tiebreak "Cut1 Buchholz+Sonneborn-Berger (Swiss)"]
[SourceTitle "playchess.com"]
[Source "ChessBase"]
[SourceQuality "1"]
[TimeControl "40/6000+30:20/3000+30:900+30"]

1. d4 {[%emt 0:10:24]} Nf6 {[%emt 0:10:06]} 2. c4 {[%emt 0:00:47]} e6 {[%emt 0:
00:11]} 3. Nc3 {[%emt 0:00:48]} Bb4 {[%emt 0:02:54]} 4. e3 {[%emt 0:01:50]} O-O
{[%emt 0:00:44]} 5. Bd3 {[%emt 0:00:24]} d5 {[%emt 0:00:50]} 6. a3 {[%emt 0:06:
21]} Bxc3+ {[%emt 0:01:18]} 7. bxc3 {[%emt 0:00:02]} c5 {[%emt 0:00:38]} 8. Ne2
{[%emt 0:01:11]} b6 {[%emt 0:03:26]} 9. O-O {[%emt 0:04:49]} Ba6 {[%emt 0:04:
10]} 10. cxd5 {[%emt 0:05:01]} exd5 {[%emt 0:00:55]} 11. a4 {[%emt 0:09:07]}
Bxd3 {[%emt 0:23:25]} 12. Qxd3 {[%emt 0:00:02]} Nbd7 {[%emt 0:03:56]} 13. Nf4 {
[%emt 0:09:30]} Re8 {[%emt 0:00:53]} 14. Ba3 {[%emt 0:09:41]} Rc8 {[%emt 0:04:
42]} 15. Rac1 {[%emt 0:04:31]} c4 {[%emt 0:12:41]} 16. Qc2 {[%emt 0:01:03]} g5
{[%emt 0:10:00]} 17. Ne2 {[%emt 0:05:10]} Rc6 {[%emt 0:00:40]} 18. Rce1 {
[%emt 0:04:45]} Nf8 {[%emt 0:07:29]} 19. Bc1 {[%emt 0:09:08]} Ng6 {[%emt 0:04:
13]} 20. f3 {[%emt 0:02:55]} h5 {[%emt 0:05:59]} 21. Ng3 {[%emt 0:06:24]} h4 {
[%emt 0:00:53]} 22. Nf5 {[%emt 0:00:01]} Rce6 {[%emt 0:04:05]} 23. e4 {[%emt 0:
13:02]} Nh5 {[%emt 0:00:06]} 24. g3 {[%emt 0:01:48]} Kh7 {[%emt 0:06:15]} 25.
Kf2 {[%emt 0:02:35]} h3 {[%emt 0:00:43]} 26. e5 {[%emt 0:00:36]} f6 {[%emt 0:
00:15]} 27. Nd6 {[%emt 0:00:23]} Rf8 {[%emt 0:01:36]} 28. Qf5 {[%emt 0:00:34]}
Ng7 {[%emt 0:00:14]} 29. Qxh3+ {[%emt 0:00:01]} Kg8 {[%emt 0:00:03]} 30. Nf5 {
[%emt 0:00:20]} Nxf5 {[%emt 0:01:06]} 31. Qxf5 {[%emt 0:00:01]} Kf7 {[%emt 0:
00:14]} 32. Bxg5 {[%emt 0:00:38]} Qd7 {[%emt 0:01:01]} 33. Bxf6 {[%emt 0:00:16]
} Rg8 {[%emt 0:00:11]} 34. Qh5 {[%emt 0:01:39]} Qxa4 {[%emt 0:00:08]} 35. f4 {
[%emt 0:00:41]} Qc2+ {[%emt 0:00:04]} 36. Re2 {[%emt 0:00:33]} Qxc3 {[%emt 0:
00:02]} 37. f5 {[%emt 0:00:07]} Qxd4+ {[%emt 0:01:05]} 38. Kg2 {[%emt 0:00:02]}
1-0

[Event "FIDE Womens Grand Swiss 2021"]
[Site "Riga"]
[Date "2021.11.06"]
[Round "10.5"]
[White "Pogonina, Natalija"]
[Black "Kosteniuk, Alexandra"]
[Result "1/2-1/2"]
[WhiteElo "2467"]
[BlackElo "2518"]
[Annotator "ChessBase"]
[PlyCount "61"]
[EventDate "2021.10.27"]
[EventType "swiss"]
[EventCountry "LAT"]
[Tiebreak "Cut1 Buchholz+Sonneborn-Berger (Swiss)"]
[SourceTitle "playchess.com"]
[Source "ChessBase"]
[SourceQuality "1"]
[TimeControl "40/6000+30:20/3000+30:900+30"]

1. d4 {[%emt 0:10:04]} Nf6 {[%emt 0:10:05]} 2. g3 {[%emt 0:00:09]} d5 {[%emt 0:
01:02]} 3. Bg2 {[%emt 0:00:16]} c5 {[%emt 0:04:22]} 4. Nf3 {[%emt 0:00:53]}
cxd4 {[%emt 0:09:21]} 5. O-O {[%emt 0:00:42]} g6 {[%emt 0:00:25]} 6. Nxd4 {
[%emt 0:05:41]} Bg7 {[%emt 0:01:04]} 7. c4 {[%emt 0:06:20]} O-O {[%emt 0:07:15]
} 8. cxd5 {[%emt 0:03:27]} Nxd5 {[%emt 0:00:57]} 9. Nb5 {[%emt 0:03:20]} Be6 {
[%emt 0:01:26]} 10. Bxd5 {[%emt 0:17:33]} Bxd5 {[%emt 0:00:46]} 11. N1c3 {
[%emt 0:00:15]} Bxc3 {[%emt 0:06:31]} 12. Nxc3 {[%emt 0:00:27]} Bc6 {[%emt 0:
00:19]} 13. Bh6 {[%emt 0:03:57]} Qxd1 {[%emt 0:16:53]} 14. Rfxd1 {[%emt 0:00:
32]} Rc8 {[%emt 0:00:15]} 15. Nd5 {[%emt 0:12:44]} Bxd5 {[%emt 0:01:57]} 16.
Rxd5 {[%emt 0:00:05]} f6 {[%emt 0:00:14]} 17. Rc1 {[%emt 0:02:42]} Nc6 {
[%emt 0:06:45]} 18. Be3 {[%emt 0:04:10]} Kf7 {[%emt 0:05:49]} 19. Rd7 {[%emt 0:
06:50]} Rab8 {[%emt 0:03:54]} 20. Bf4 {[%emt 0:03:11]} Rd8 {[%emt 0:02:19]} 21.
Rc7 {[%emt 0:03:12]} g5 {[%emt 0:01:51]} 22. R7xc6 {[%emt 0:04:14]} gxf4 {
[%emt 0:00:14]} 23. Rc7 {[%emt 0:01:27]} fxg3 {[%emt 0:03:31]} 24. hxg3 {
[%emt 0:00:05]} Rd2 {[%emt 0:01:04]} 25. R1c2 {[%emt 0:00:12]} Rxc2 {[%emt 0:
00:32]} 26. Rxc2 {[%emt 0:00:04]} Rd8 {[%emt 0:00:12]} 27. Rc7 {[%emt 0:04:48]}
Rd2 {[%emt 0:00:37]} 28. Rxb7 {[%emt 0:00:24]} Rxe2 {[%emt 0:00:04]} 29. Rxa7 {
[%emt 0:00:35]} Rxb2 {[%emt 0:00:04]} 30. Kg2 {[%emt 0:01:29]} Kg6 {[%emt 0:02:
08]} 31. Rxe7 {[%emt 0:03:56]} 1/2-1/2

[Event "FIDE Womens Grand Swiss 2021"]
[Site "Riga"]
[Date "2021.11.06"]
[Round "10.6"]
[White "Munguntuul, Batkhuyag"]
[Black "Batsiashvili, Nino"]
[Result "1/2-1/2"]
[WhiteElo "2433"]
[BlackElo "2484"]
[Annotator "TA"]
[PlyCount "161"]
[EventDate "2021.10.27"]
[EventType "swiss"]
[EventCountry "LAT"]
[Tiebreak "Cut1 Buchholz+Sonneborn-Berger (Swiss)"]
[SourceTitle "playchess.com"]
[Source "ChessBase"]
[SourceQuality "1"]

{[%evp 11,161,0,10,0,0,0,0,-10,-2,-10,-9,-17,-12,-17,-24,-24,-22,-23,-20,-18,
-12,-28,-16,-20,-20,-56,-56,-73,-68,-108,-69,-135,-43,-95,-94,-117,-124,-124,
-128,-119,-106,-123,-116,-108,-116,-110,-109,-119,-92,-111,-114,-131,-131,-124,
-100,-104,-95,-95,-95,-95,-96,-88,-88,-100,-97,-109,-97,-102,-107,-86,-86,-129,
-77,-78,-67,-159,0,-19,0,-159,-159,-160,-159,-166,-166,-183,-357,-357,0,-69,
-51,-223,-214,-1314,-1709,-1505,-710,-1520,-1485,-1666,-1383,-1484,-1362,-1214,
-893,-1629,-72,-643,-556,-535,0,0,0,0,0,0,0,0,0,0,0,0,0,0,0,0,0,0,0,0,0,0,0,0,
0,0,0,0,0,0,0,0,0,0,0,0,0,0,0,0,0,0]} 1. e4 e5 2. Nf3 Nc6 3. Bb5 a6 4. Ba4 Nf6
5. d3 Bc5 6. O-O d6 7. Nc3 {[%cal Bb1c3,Bc3d5,Bd5e3,Be3f5][%mdl 32] C78: Ruy
Lopez: Archangelsk and Möller Defences.} O-O 8. Bg5 h6 9. Bh4 Nd4 10. Nxd4 Bxd4
11. Bxf6 Qxf6 12. Nd5 Qd8 13. c3 Ba7 {[#]} 14. Bb3 $146 ({Predecessor:} 14. Ne3
Qg5 15. Qf3 Be6 16. g3 Bxe3 17. Qxe3 Qxe3 18. fxe3 Bh3 19. Rf2 g6 20. Bb3 {
1/2-1/2 (31) Hjorth,J (2106)-Shchebenyuk,M (2174) ICCF email 2013}) 14... c6
15. Ne3 Qg5 16. Qf3 Be6 17. Rae1 Rad8 18. Nf5 d5 19. Rd1 Rd7 20. Rfe1 Rfd8 21.
h3 (21. g3 $15) 21... Qf4 (21... dxe4 $17 22. dxe4 Rxd1 23. Rxd1 Rxd1+ 24. Qxd1
Bxb3 25. axb3 g6) 22. Qxf4 ({White should play} 22. Qg3 $1 $15 Qxg3 23. Nxg3)
22... exf4 $17 23. Nd4 Bxd4 24. cxd4 dxe4 {[%mdl 64] Discovered Attack} 25.
Bxe6 fxe6 26. Rxe4 Rxd4 27. Rxe6 Rxd3 28. Rxd3 Rxd3 {[%mdl 4096] Endgame KR-KR}
29. Re8+ Kh7 30. Re7 b5 {Hoping for ...Rd1+.} (30... b6 {looks sharper.} 31.
Rb7 Rd1+ 32. Kh2 b5 33. Ra7 Rd2) 31. Re6 Rd1+ 32. Kh2 Rc1 33. b4 Rc3 34. f3 Rc2
35. a3 Rc3 36. h4 h5 37. Rd6 Kg8 38. Re6 Kf7 39. Rd6 Rxa3 {Threatens to win
with ...Rc3.} 40. Rxc6 Ra4 41. Rd6 Rxb4 (41... Ke7 $142 42. Rg6 Kf7) 42. Rxa6
Rb2 43. Rb6 (43. Rc6 $15) 43... Ke7 (43... b4 $17 44. Kg1 b3) 44. Rg6 $1 $11
Kf7 (44... Rd2 $11) 45. Rb6 $17 b4 46. Rb5 g6 47. Rb6 b3 48. Kh3 Rb1 {[%cal
Rb1h1]} 49. Kh2 Rb2 $2 ({Black should try} 49... b2 $1 $19 50. Rb7+ Kf6 51.
Rb6+ Ke7 52. Rb7+ Ke8 53. Rb8+ Kf7 54. Rb7+ Kf8 55. Rb8+ Ke7) 50. Kh3 $1 $15
Ke7 (50... Kg7 {keeps more tension.} 51. g3 fxg3 52. Kxg3 Rb1 53. Kf4 b2) 51.
g3 $2 ({White has to play} 51. Rxg6 $15 Rb1 52. Kh2) 51... Kd7 52. gxf4 $2 (52.
Rxg6 Rb1 53. Rb6) 52... Rb1 $1 $19 53. Kg3 Kc7 54. Rb4 Kc6 55. f5 gxf5 56. Kf4
Kc5 57. Rb8 Kc4 $1 58. Kxf5 {[#]} Rg1 $2 (58... Ra1 $1 $19 {[%cal Ra1a5] ...
Ra5+ is the strong threat.} 59. Rc8+ Kb4 60. Rb8+ Kc4 61. Rc8+ Kd4 62. Rd8+ Kc3
63. Rc8+ Kd2 64. Rd8+ Kc2 65. Rc8+ Kd3 66. Rd8+ Kc4 67. Rc8+) 59. Kf6 $17 Kc3
60. Rc8+ {[#]} Kd2 $2 (60... Kb4 $1 $19 61. Rb8+ Ka3 62. Ra8+ Kb4 63. Rb8+ Ka3
64. Ra8+ Kb4 65. Rb8+) 61. Rb8 $11 {The position is equal.} Kc2 {And now ...b2
would win.} 62. Rc8+ Kb1 {Strongly threatening ...b2.} 63. Rc5 b2 {White must
now prevent ...Rg3.} 64. Rxh5 Rh1 (64... Rc1 {keeps more tension.} 65. Rb5 Rh1
66. h5 Ka2 67. Kg6 b1=Q+) 65. Kg6 Rh3 (65... Kc2 $5 66. Rc5+ $8 Kd1 $11) 66.
Rb5 Rg3+ (66... Rxh4 $5 67. Kg5 $8 Rh8 $11) 67. Kh6 Kc2 (67... Rg1 {is
interesting.} 68. h5 Ka2 69. Rxb2+ Kxb2 70. f4 Rg8) 68. h5 Rxf3 {aiming for ...
Rb3.} (68... b1=Q {with more complications.} 69. Rxb1 Kxb1 70. f4 Rg8 71. f5
Rh8+) 69. Rxb2+ $1 Kxb2 {KR-KP} 70. Kg7 Rg3+ (70... Rf1 {feels hotter.} 71. h6
Rg1+ 72. Kf7 Rc1 73. Kg6 Rc6+) 71. Kf6 $1 Rh3 72. Kg6 (72. Kg5 {seems wilder.}
Ka1 73. h6 Rh1 74. Kg6 Rg1+ 75. Kf6) 72... Rg3+ 73. Kf6 $1 Rh3 74. Kg6 Kc3 75.
h6 Kd4 76. h7 Ke5 77. Kg7 Rg3+ 78. Kf7 Rh3 79. Kg7 Ke6 80. h8=Q Rxh8 81. Kxh8 {
White happily takes the draw.  Weighted Error Value: White=0.41/Black=0.36}
1/2-1/2

[Event "FIDE Womens Grand Swiss 2021"]
[Site "Riga"]
[Date "2021.11.06"]
[Round "10.7"]
[White "Assaubayeva, Bibisara"]
[Black "Shuvalova, Polina"]
[Result "1-0"]
[WhiteElo "2400"]
[BlackElo "2509"]
[Annotator "ChessBase"]
[PlyCount "89"]
[EventDate "2021.10.27"]
[EventType "swiss"]
[EventCountry "LAT"]
[Tiebreak "Cut1 Buchholz+Sonneborn-Berger (Swiss)"]
[SourceTitle "playchess.com"]
[Source "ChessBase"]
[SourceQuality "1"]
[TimeControl "40/6000+30:20/3000+30:900+30"]

1. d4 {[%emt 0:10:04]} Nf6 {[%emt 0:10:13]} 2. c4 {[%emt 0:00:05]} e6 {[%emt 0:
00:05]} 3. Nf3 {[%emt 0:00:07]} d5 {[%emt 0:00:03]} 4. Nc3 {[%emt 0:00:09]} a6
{[%emt 0:00:06]} 5. c5 {[%emt 0:00:36]} b6 {[%emt 0:00:13]} 6. cxb6 {[%emt 0:
00:10]} c5 {[%emt 0:00:05]} 7. e3 {[%emt 0:04:11]} cxd4 {[%emt 0:02:23]} 8.
exd4 {[%emt 0:00:18]} Qxb6 {[%emt 0:00:43]} 9. Be2 {[%emt 0:01:11]} Nbd7 {
[%emt 0:02:07]} 10. O-O {[%emt 0:00:29]} Bd6 {[%emt 0:00:05]} 11. a3 {[%emt 0:
03:58]} O-O {[%emt 0:07:03]} 12. b4 {[%emt 0:03:17]} Qb8 {[%emt 0:02:58]} 13.
Na4 {[%emt 0:04:42]} Ne4 {[%emt 0:03:38]} 14. h3 {[%emt 0:04:40]} Nb6 {[%emt 0:
02:17]} 15. Nc5 {[%emt 0:04:31]} Nc3 {[%emt 0:07:46]} 16. Qc2 {[%emt 0:00:20]}
Nxe2+ {[%emt 0:00:06]} 17. Qxe2 {[%emt 0:00:04]} f6 {[%emt 0:14:10]} 18. Re1 {
[%emt 0:04:17]} Ra7 {[%emt 0:02:36]} 19. Bd2 {[%emt 0:03:03]} Nc4 {[%emt 0:07:
37]} 20. Bc3 {[%emt 0:02:43]} Re7 {[%emt 0:03:31]} 21. Nd2 {[%emt 0:03:33]}
Nxd2 {[%emt 0:04:41]} 22. Qxd2 {[%emt 0:04:52]} a5 {[%emt 0:01:27]} 23. a4 {
[%emt 0:04:11]} axb4 {[%emt 0:04:31]} 24. Bxb4 {[%emt 0:00:21]} Rfe8 {[%emt 0:
00:53]} 25. Nd3 {[%emt 0:04:14]} e5 {[%emt 0:04:42]} 26. Bxd6 {[%emt 0:03:52]}
Qxd6 {[%emt 0:00:05]} 27. Qb4 {[%emt 0:02:04]} Qxb4 {[%emt 0:08:06]} 28. Nxb4 {
[%emt 0:00:06]} exd4 {[%emt 0:00:13]} 29. Rxe7 {[%emt 0:00:53]} Rxe7 {[%emt 0:
00:02]} 30. a5 {[%emt 0:02:25]} Kf7 {[%emt 0:05:04]} 31. a6 {[%emt 0:01:48]}
Ra7 {[%emt 0:00:35]} 32. Kf1 {[%emt 0:02:18]} Ke6 {[%emt 0:07:25]} 33. Ke2 {
[%emt 0:01:21]} Kd6 {[%emt 0:00:46]} 34. Ra5 {[%emt 0:05:26]} Kc7 {[%emt 0:00:
37]} 35. Rc5+ {[%emt 0:05:51]} Kd7 {[%emt 0:00:07]} 36. Rxd5+ {[%emt 0:01:19]}
Kc7 {[%emt 0:00:06]} 37. Rc5+ {[%emt 0:00:15]} Kd7 {[%emt 0:00:03]} 38. Kd2 {
[%emt 0:01:44]} Ra8 {[%emt 0:04:17]} 39. Ra5 {[%emt 0:14:28]} Kc7 {[%emt 0:00:
08]} 40. Nd5+ {[%emt 0:03:12]} Kc6 {[%emt 0:00:28]} 41. Kd3 {[%emt 0:51:33]}
Be6 {[%emt 0:32:57]} 42. Kxd4 {[%emt 0:00:00]} Ra7 {[%emt 0:03:16]} 43. Rc5+ {
[%emt 0:00:00]} Kd6 {[%emt 0:00:23]} 44. Nb4 {[%emt 0:00:00]} Bd7 {[%emt 0:02:
25]} 45. Rd5+ {[%emt 0:00:00]} 1-0

[Event "FIDE Womens Grand Swiss 2021"]
[Site "Riga"]
[Date "2021.11.06"]
[Round "10.8"]
[White "Osmak, Iulija"]
[Black "Kashlinskaya, Alina"]
[Result "1-0"]
[WhiteElo "2423"]
[BlackElo "2493"]
[Annotator "TA"]
[PlyCount "63"]
[EventDate "2021.10.27"]
[EventType "swiss"]
[EventCountry "LAT"]
[Tiebreak "Cut1 Buchholz+Sonneborn-Berger (Swiss)"]
[SourceTitle "playchess.com"]
[Source "ChessBase"]
[SourceQuality "1"]

{[%evp 12,63,29,24,40,17,26,17,77,78,158,135,150,145,166,147,193,189,218,221,
218,227,246,238,256,211,210,231,220,214,216,214,218,218,236,245,273,255,260,
266,269,255,256,262,326,327,393,381,451,454,466,462,777,749]} 1. d4 Nf6 2. c4
g6 3. Nf3 Bg7 4. g3 c5 5. Bg2 cxd4 6. Nxd4 O-O 7. Nc3 Qc7 {E60: King's Indian:
Unusual lines and Fianchetto Variation without Nc3.} 8. b3 d5 9. Ndb5 {9.0-0
is not played anymore.} (9. Nxd5 $2 Nxd5 10. cxd5 (10. Bxd5 $2 e6 $19) 10...
Qc3+ 11. Bd2 Qxd4 $19) 9... Qd8 {[#]} (9... Qa5 $11 {keeps the balance.} 10.
Bd2 dxc4) 10. cxd5 $146 ({Predecessor:} 10. Bb2 a6 11. Nd4 dxc4 12. O-O cxb3
13. axb3 Nbd7 14. e3 Rb8 15. Qe2 e5 16. Nc2 {0-1 (28) Peczeli,Z (2109)-Geher,L
(1850) Budapest 2017}) 10... Qa5 ({Better is} 10... a6) 11. Bd2 $1 a6 12. Nd4
$36 {[%mdl 2048] White is really pushing.} Qc5 13. e3 Nbd7 14. O-O Nb6 15. Rc1
Qd6 16. e4 $1 Nfxd5 17. exd5 (17. Nxd5 Nxd5 18. exd5 Bxd4 $16) 17... Bxd4 18.
Bf4 Qf6 19. Ne4 Qh8 20. d6 exd6 21. Nxd6 ({Don't take} 21. Bxd6 $6 Re8) 21...
Be6 22. Nxb7 Nd5 23. Bd6 Rfe8 {[#]} 24. Bc5 $1 {[%cal Rc5d4]} Bxc5 25. Nxc5 ({
Much less strong is} 25. Rxc5 $6 Nc3 $18) 25... Rad8 {Threatening ...Ne3.} 26.
Nxe6 ({Stronger than} 26. Nxa6 {[#]} Ne3 $1 $17) 26... fxe6 27. Qe2 Qf6 28.
Qxa6 Nb4 29. Qe2 Nd3 30. Rcd1 {White is clearly winning.} Qc3 31. Qe3 e5 (31...
Qd4 $142 32. Bc6 Rf8 33. Qxe6+ Kg7) 32. Be4 {Black did not feel at home in the
position after the opening.  Weighted Error Value: White=0.03/Black=0.25} 1-0